000 00567nam a22001697a 4500
008 151124b xxu||||| |||| 00| 0 eng d
020 _a0131307495
041 0 _aeng
080 _a911.3:93
_b(73)
245 1 0 _aWorld studies:
260 _aFlorida:
_bPearson;
_c2005.
300 _a226 f.:
_bme il.;
_c24 cm.
650 0 _aGjeografi
_zShtetet e Bashkuara të Amerikës dhe Kanada
650 0 _aHistori
_zShtetet e Bashkuara të Amerikës dhe Kanada
650 0 _aKulturë
_zShtetet e Bashkuara të Amerikës dhe Kanada
942 _2udc
_cBK
999 _c1383
_d1383